000 00242nam a2200097Ia 4500
008 240625s9999 xx 000 0 und d
041 _aeng
082 _a332 DAM
100 _aDAMODARAN ASWATH
245 _aINVESTMENTS FABLES EXPOSING THE MYTHS OF
999 _c32968
_d32968